| 000 | 00866cam a22002651 4500 | ||
|---|---|---|---|
| 001 | sa 67006788 | ||
| 003 | DLC | ||
| 005 | 20260227112410.0 | ||
| 008 | 861114s1967 ii 100 0 eng | ||
| 010 | _asa 67006788 | ||
| 025 | _aPL480:I-E-8437 | ||
| 035 | _a(OCoLC)14713039 | ||
| 040 |
_aDLC _cWaU _dDLC |
||
| 042 | _apremarc | ||
| 043 | _aa-ii--- | ||
| 050 | 0 | 0 |
_aHD70.I4 _bB33 |
| 082 | _a658.42/0954 | ||
| 100 | 1 |
_aBatchelor, Alan Harold, _d1930- _ecomp. |
|
| 245 | 1 | 0 |
_aAspects of top management; _ba symposium, _cedited by A. H. Batchelor. Contributions by V. V. Giri [and others. |
| 260 |
_aBangalore] _bSt. Mark's Cathedral Industrial Team Service, _c1967. |
||
| 300 |
_avi, 128 p. _c22 cm. |
||
| 650 | 0 |
_aIndustrial management _zIndia _vCongresses. |
|
| 650 | 0 |
_aIndustrial relations _zIndia _vCongresses. |
|
| 700 | 1 |
_aGiri, Varahagiri Venkata, _d1894- |
|
| 999 |
_c76157 _d76157 |
||